000 00324nam a2200145Ia 4500
008 220216s9999 xx 000 0 und d
245 0 _aRRIM 600 series clones
260 _bPlanters Bulletin
_c1971
300 _a19-32
650 _aGirth
650 _aTapping
650 _aWind damage
650 _aYield
942 _cJS
999 _c67309
_d67309